[Event "DSJ Weihnachtsturnier U16: Lasker 2020"]
[Site ""]
[Date "2020.12.28"]
[Round "1"]
[White "Pahl, Erik"]
[Black "Artukovic, Benjamin"]
[Result "1-0"]
[Termination "normal"]
[Board "3.1"]
[WhiteElo "2110"]
[BlackElo "1358"]
[WhiteTeam "Delmenhorster SK V 1931"]
[BlackTeam "SC Weisse Dame"]
[PlyCount "105"]
[WhiteFideId "16201272"]
[BlackFideId "16204255"]
[EventRounds "7"]
[EventType "team-swiss"]
[EventDate "2020.12.28"]

1. e4 {[%emt 0:00:07]} d5 {[%emt 0:00:09]} 2. exd5 {[%emt 0:00:03]} Qxd5 {
[%emt 0:00:02]} 3. Nc3 {[%emt 0:00:01]} Qa5 {[%emt 0:00:02]} 4. d4 {[%emt
0:00:02]} c6 {[%emt 0:00:02]} 5. Nf3 {[%emt 0:00:03]} Nf6 {[%emt 0:00:02]} 6.
Bd2 { [%emt 0:00:07]} Qc7 {[%emt 0:00:02]} 7. Bc4 {[%emt 0:00:06]} Bg4 {[%emt
0:00:41]} 8. h3 {[%emt 0:00:10]} Bh5 {[%emt 0:00:02]} 9. Qe2 {[%emt 0:00:06]}
e6 { [%emt 0:00:07]} 10. O-O-O {[%emt 0:00:04]} Be7 {[%emt 0:00:20]} 11. Rhe1 {
[%emt 0:00:09]} Nd5 {[%emt 0:01:39]} 12. g4 {[%emt 0:00:18]} Bg6 {[%emt
0:00:06]} 13. Ne5 {[%emt 0:00:35]} Nd7 {[%emt 0:00:34]} 14. f4 {[%emt 0:00:02]}
Nxe5 {[%emt 0:02:19]} 15. dxe5 {[%emt 0:00:17]} O-O-O {[%emt 0:00:17]} 16. Qf3
{ [%emt 0:00:11]} h5 {[%emt 0:00:33]} 17. f5 {[%emt 0:00:17]} hxg4 {[%emt
0:00:05]} 18. hxg4 {[%emt 0:00:00]} Nxc3 {[%emt 0:00:45]} 19. Bxc3 {[%emt
0:00:20]} Rxd1+ {[%emt 0:00:29]} 20. Rxd1 {[%emt 0:00:00]} exf5 {[%emt
0:00:01]} 21. gxf5 {[%emt 0:00:01]} Bh5 {[%emt 0:00:02]} 22. Qh3 {[%emt
0:00:01]} Bg5+ {[%emt 0:00:52]} 23. Kb1 {[%emt 0:00:03]} Bxd1 {[%emt 0:00:03]}
24. Qxh8+ {[%emt 0:00:03]} Kd7 {[%emt 0:00:05]} 25. Qxg7 {[%emt 0:00:04]} Qd8
{[%emt 0:01:04]} 26. Qxf7+ {[%emt 0:00:17]} Kc8 {[%emt 0:00:05]} 27. Qg8 {[%emt
0:00:03]} Qxg8 { [%emt 0:00:20]} 28. Bxg8 {[%emt 0:00:00]} Bh5 {[%emt 0:00:05]}
29. f6 {[%emt 0:00:05]} Bxf6 {[%emt 0:00:03]} 30. exf6 {[%emt 0:00:02]} Be8
{[%emt 0:00:01]} 31. f7 {[%emt 0:00:01]} Bxf7 {[%emt 0:00:01]} 32. Bxf7 {[%emt
0:00:00]} Kc7 { [%emt 0:00:01]} 33. Bc4 {[%emt 0:00:04]} b5 {[%emt 0:00:01]}
34. Bd3 {[%emt 0:00:03]} Kb6 {[%emt 0:00:01]} 35. b4 {[%emt 0:00:03]} c5 {[%emt
0:00:03]} 36. Kb2 {[%emt 0:00:05]} cxb4 {[%emt 0:00:02]} 37. Bxb4 {[%emt
0:00:00]} a5 { [%emt 0:00:01]} 38. Bf8 {[%emt 0:00:02]} b4 {[%emt 0:00:01]} 39.
Kb3 {[%emt 0:00:02]} Kc6 {[%emt 0:00:04]} 40. Ka4 {[%emt 0:00:00]} Kb6 {[%emt
0:00:02]} 41. Be2 {[%emt 0:00:01]} Kb7 {[%emt 0:00:03]} 42. Kxa5 {[%emt
0:00:01]} Kc6 { [%emt 0:00:01]} 43. Kxb4 {[%emt 0:00:03]} Kb7 {[%emt 0:00:02]}
44. a4 {[%emt 0:00:01]} Kc7 {[%emt 0:00:01]} 45. a5 {[%emt 0:00:01]} Kb7 {[%emt
0:00:01]} 46. Bf3+ {[%emt 0:00:02]} Kb8 {[%emt 0:00:02]} 47. Bd6+ {[%emt
0:00:02]} Ka7 { [%emt 0:00:01]} 48. c4 {[%emt 0:00:21]} Ka6 {[%emt 0:00:01]}
49. c5 {[%emt 0:00:01]} Ka7 {[%emt 0:00:01]} 50. c6 {[%emt 0:00:02]} Ka6 {[%emt
0:00:03]} 51. c7 {[%emt 0:00:03]} Ka7 {[%emt 0:00:01]} 52. Bc5+ {[%emt
0:00:04]} Ka6 { [%emt 0:00:02]} 53. c8=Q# {[%emt 0:00:04]} 1-0

[Event "DSJ Weihnachtsturnier U16: Lasker 2020"]
[Site ""]
[Date "2020.12.28"]
[Round "1"]
[White "Movsisyan, Andranik"]
[Black "Pahl, Theis"]
[Result "0-1"]
[Termination "normal"]
[Board "3.2"]
[WhiteElo "1578"]
[BlackElo "2123"]
[WhiteTeam "SC Weisse Dame"]
[BlackTeam "Delmenhorster SK V 1931"]
[PlyCount "43"]
[WhiteFideId "16240391"]
[BlackFideId "16201264"]
[EventRounds "7"]
[EventType "team-swiss"]
[EventDate "2020.12.28"]

1. e4 {[%emt 0:00:09]} c5 {[%emt 0:00:02]} 2. Nf3 {[%emt 0:00:03]} d6 {[%emt
0:00:06]} 3. d4 {[%emt 0:00:04]} cxd4 {[%emt 0:00:03]} 4. Nxd4 {[%emt 0:00:02]}
Nf6 {[%emt 0:00:02]} 5. Nc3 {[%emt 0:00:03]} a6 {[%emt 0:00:04]} 6. f3 { [%emt
0:00:10]} e5 {[%emt 0:00:04]} 7. Nb3 {[%emt 0:00:11]} h5 {[%emt 0:00:02]} 8.
Be3 {[%emt 0:00:05]} Be6 {[%emt 0:00:03]} 9. Qd2 {[%emt 0:00:28]} Nbd7 { [%emt
0:00:05]} 10. Bd3 {[%emt 0:00:17]} Be7 {[%emt 0:00:10]} 11. h3 {[%emt 0:00:19]}
h4 {[%emt 0:00:11]} 12. O-O-O {[%emt 0:00:21]} b5 {[%emt 0:00:11]} 13. f4
{[%emt 0:00:11]} Nb6 {[%emt 0:00:55]} 14. Bxb6 {[%emt 0:00:20]} Qxb6 { [%emt
0:00:04]} 15. f5 {[%emt 0:00:03]} Bd7 {[%emt 0:00:31]} 16. Qe2 {[%emt 0:01:21]}
Bc6 {[%emt 0:01:22]} 17. Qf3 {[%emt 0:01:15]} b4 {[%emt 0:00:26]} 18. Nd5
{[%emt 0:00:31]} Bxd5 {[%emt 0:00:14]} 19. exd5 {[%emt 0:00:05]} Nh5 { [%emt
0:00:11]} 20. Qg4 {[%emt 0:00:38]} Bf6 {[%emt 0:00:35]} 21. Be4 {[%emt
0:00:45]} Ng3 {[%emt 0:00:08]} 22. Rh2 {[%emt 0:00:05]} 0-1

[Event "DSJ Weihnachtsturnier U16: Lasker 2020"]
[Site ""]
[Date "2020.12.28"]
[Round "1"]
[White "Alhamid, Mohamad"]
[Black "Tunc, Ozan Kurtul"]
[Result "1-0"]
[Termination "normal"]
[Board "3.3"]
[WhiteElo "1664"]
[BlackElo "1655"]
[WhiteTeam "Delmenhorster SK V 1931"]
[BlackTeam "SC Weisse Dame"]
[PlyCount "112"]
[WhiteFideId "16235665"]
[EventRounds "7"]
[EventType "team-swiss"]
[EventDate "2020.12.28"]

1. e4 {[%emt 0:00:08]} c6 {[%emt 0:00:13]} 2. d4 {[%emt 0:00:01]} d5 {[%emt
0:00:17]} 3. Nd2 {[%emt 0:00:01]} dxe4 {[%emt 0:00:11]} 4. Nxe4 {[%emt
0:00:01]} Nd7 {[%emt 0:00:07]} 5. Qe2 {[%emt 0:00:02]} Ndf6 {[%emt 0:00:12]} 6.
Nxf6+ { [%emt 0:00:07]} Nxf6 {[%emt 0:00:09]} 7. Nf3 {[%emt 0:00:02]} Bg4
{[%emt 0:00:09]} 8. Be3 {[%emt 0:00:03]} Qd5 {[%emt 0:00:10]} 9. h3 {[%emt
0:00:14]} Bxf3 { [%emt 0:00:11]} 10. gxf3 {[%emt 0:00:11]} O-O-O {[%emt
0:00:17]} 11. Bg2 { [%emt 0:00:11]} e5 {[%emt 0:00:09]} 12. dxe5 {[%emt
0:00:22]} Qxe5 {[%emt 0:00:32]} 13. c3 {[%emt 0:00:17]} Nd5 {[%emt 0:00:12]}
14. Rd1 {[%emt 0:00:24]} Be7 {[%emt 0:00:10]} 15. f4 {[%emt 0:00:17]} Nxf4
{[%emt 0:00:10]} 16. Qg4+ { [%emt 0:00:07]} Ne6 {[%emt 0:00:09]} 17. O-O {[%emt
0:02:25]} Bc5 {[%emt 0:00:21]} 18. Rde1 {[%emt 0:02:14]} Bxe3 {[%emt 0:00:10]}
19. Rxe3 {[%emt 0:00:07]} Qf4 {[%emt 0:00:38]} 20. Qe2 {[%emt 0:00:39]} Rhe8
{[%emt 0:00:27]} 21. Re1 { [%emt 0:00:45]} Nc7 {[%emt 0:00:34]} 22. Be4 {[%emt
0:00:58]} f5 {[%emt 0:00:36]} 23. Bc2 {[%emt 0:00:36]} Rxe3 {[%emt 0:00:16]}
24. Qxe3 {[%emt 0:00:02]} Qxe3 {[%emt 0:00:19]} 25. Bxf5+ {[%emt 0:00:02]} Kb8
{[%emt 0:00:11]} 26. Rxe3 {[%emt 0:00:01]} g6 {[%emt 0:00:11]} 27. Bd3 {[%emt
0:00:05]} Nd5 {[%emt 0:00:08]} 28. Rf3 {[%emt 0:00:04]} Rd7 {[%emt 0:00:20]}
29. Kf1 {[%emt 0:00:02]} Nf4 {[%emt 0:00:08]} 30. Rxf4 {[%emt 0:00:04]} Rxd3
{[%emt 0:00:02]} 31. Ke2 { [%emt 0:00:02]} Rxh3 {[%emt 0:00:02]} 32. Rf8+
{[%emt 0:00:02]} Kc7 {[%emt 0:00:02]} 33. a3 {[%emt 0:00:03]} b6 {[%emt
0:00:05]} 34. Rg8 {[%emt 0:00:01]} a5 {[%emt 0:00:04]} 35. Kd2 {[%emt 0:00:06]}
Rh2 {[%emt 0:00:04]} 36. Ke3 { [%emt 0:00:01]} Kd6 {[%emt 0:00:03]} 37. b4
{[%emt 0:00:02]} Rh3+ {[%emt 0:00:06]} 38. f3 {[%emt 0:00:01]} a4 {[%emt
0:00:25]} 39. Rg7 {[%emt 0:00:04]} b5 { [%emt 0:00:07]} 40. Rg8 {[%emt
0:00:04]} Kd5 {[%emt 0:00:02]} 41. Rd8+ { [%emt 0:00:02]} Kc4 {[%emt 0:00:02]}
42. Rd6 {[%emt 0:00:04]} Kxc3 {[%emt 0:00:02]} 43. Rxc6+ {[%emt 0:00:01]} Kb3
{[%emt 0:00:01]} 44. Rc5 {[%emt 0:00:03]} Rh5 {[%emt 0:00:03]} 45. Rxh5 {[%emt
0:00:04]} gxh5 {[%emt 0:00:01]} 46. f4 { [%emt 0:00:01]} Kxa3 {[%emt 0:00:01]}
47. f5 {[%emt 0:00:01]} Kxb4 {[%emt 0:00:01]} 48. f6 {[%emt 0:00:01]} a3 {[%emt
0:00:01]} 49. f7 {[%emt 0:00:01]} a2 { [%emt 0:00:01]} 50. f8=Q+ {[%emt
0:00:00]} Kb3 {[%emt 0:00:07]} 51. Qf6 { [%emt 0:00:03]} Ka3 {[%emt 0:00:07]}
52. Qc3+ {[%emt 0:00:06]} Ka4 {[%emt 0:00:03]} 53. Qb2 {[%emt 0:00:02]} b4
{[%emt 0:00:01]} 54. Qxa2+ {[%emt 0:00:02]} Kb5 {[%emt 0:00:03]} 55. Kd4 {[%emt
0:00:02]} h4 {[%emt 0:00:02]} 56. Qc4+ { [%emt 0:00:03]} Ka4 {[%emt 0:00:02]}
1-0

[Event "DSJ Weihnachtsturnier U16: Lasker 2020"]
[Site ""]
[Date "2020.12.28"]
[Round "1"]
[White "Dittenberger, Nico"]
[Black "Nguyen, Alex Dac-Vuong"]
[Result "0-1"]
[Termination "normal"]
[Board "4.1"]
[BlackTitle "FM"]
[WhiteElo "1419"]
[BlackElo "2307"]
[WhiteTeam "SC Landskrone"]
[BlackTeam "Schachgemeinschaft Leipzig"]
[PlyCount "64"]
[WhiteFideId "12996254"]
[BlackFideId "12984388"]
[EventRounds "7"]
[EventType "team-swiss"]
[EventDate "2020.12.28"]

1. e4 {[%emt 0:00:10]} c6 {[%emt 0:00:02]} 2. Nf3 {[%emt 0:00:03]} d5 {[%emt
0:00:01]} 3. Nc3 {[%emt 0:00:11]} Bg4 {[%emt 0:00:03]} 4. Be2 {[%emt 0:00:11]}
e6 {[%emt 0:00:29]} 5. d3 {[%emt 0:00:20]} Nd7 {[%emt 0:00:18]} 6. Bf4 {[%emt
0:00:28]} Bc5 {[%emt 0:00:51]} 7. exd5 {[%emt 0:00:36]} exd5 {[%emt 0:00:15]}
8. Ne5 {[%emt 0:00:16]} Bxe2 {[%emt 0:00:34]} 9. Qxe2 {[%emt 0:00:12]} Ne7 {
[%emt 0:00:10]} 10. O-O {[%emt 0:00:18]} O-O {[%emt 0:00:03]} 11. Nxd7 { [%emt
0:01:22]} Qxd7 {[%emt 0:00:00]} 12. Rfe1 {[%emt 0:00:26]} Ng6 {[%emt 0:00:07]}
13. Qf3 {[%emt 0:01:10]} Qf5 {[%emt 0:00:14]} 14. Ne2 {[%emt 0:01:01]} Rfe8
{[%emt 0:00:28]} 15. g4 {[%emt 0:00:43]} Qf6 {[%emt 0:00:14]} 16. Rab1 { [%emt
0:00:40]} Bd6 {[%emt 0:00:46]} 17. Qg3 {[%emt 0:01:03]} Nxf4 {[%emt 0:00:09]}
18. Nxf4 {[%emt 0:00:20]} Qxf4 {[%emt 0:00:00]} 19. Qxf4 {[%emt 0:00:10]} Bxf4
{[%emt 0:00:03]} 20. h3 {[%emt 0:00:12]} g6 {[%emt 0:00:04]} 21. b3 { [%emt
0:00:07]} Kg7 {[%emt 0:00:02]} 22. Kg2 {[%emt 0:00:09]} Kf6 {[%emt 0:00:04]}
23. Kf3 {[%emt 0:00:05]} Bd2 {[%emt 0:00:01]} 24. Re2 {[%emt 0:00:14]} Rxe2
{[%emt 0:00:07]} 25. Kxe2 {[%emt 0:00:02]} Bc3 {[%emt 0:00:00]} 26. Kf3 { [%emt
0:00:05]} Re8 {[%emt 0:00:04]} 27. h4 {[%emt 0:00:12]} h5 {[%emt 0:00:01] } 28.
g5+ {[%emt 0:00:02]} Kf5 {[%emt 0:00:01]} 29. Kg3 {[%emt 0:00:01]} Re2 { [%emt
0:00:02]} 30. Rc1 {[%emt 0:00:02]} Bd4 {[%emt 0:00:02]} 31. f3 {[%emt 0:00:03]}
Be5+ {[%emt 0:00:02]} 32. Kh3 {[%emt 0:00:02]} Rh2# {[%emt 0:00:02]} 0-1

[Event "DSJ Weihnachtsturnier U16: Lasker 2020"]
[Site ""]
[Date "2020.12.28"]
[Round "1"]
[White "Haufe, Laurin"]
[Black "Behr, Julian"]
[Result "1-0"]
[Termination "time forfeit"]
[Board "4.2"]
[WhiteElo "2052"]
[BlackElo "1623"]
[WhiteTeam "Schachgemeinschaft Leipzig"]
[BlackTeam "SC Landskrone"]
[PlyCount "49"]
[WhiteFideId "12976504"]
[BlackFideId "16255410"]
[EventRounds "7"]
[EventType "team-swiss"]
[EventDate "2020.12.28"]

1. e4 {[%emt 0:00:02]} e5 {[%emt 0:00:04]} 2. Nf3 {[%emt 0:00:02]} Nc6 { [%emt
0:00:06]} 3. d4 {[%emt 0:00:01] Landskr2-002 reconnected.} exd4 {[%emt
0:00:15]} 4. Nxd4 {[%emt 0:00:02] Landskr2-002 reconnected.} Bc5 {[%emt
0:00:09]} 5. Be3 {[%emt 0:00:02]} Qf6 {[%emt 0:00:03]} 6. c3 {[%emt 0:00:02]}
Nge7 { [%emt 0:00:17]} 7. Bc4 {[%emt 0:00:02] Landskr2-002 reconnected.
Landskr2-002 reconnected.} O-O {[%emt 0:00:48]} 8. O-O {[%emt 0:00:03]} h6
{[%emt 0:00:05]} 9. f4 {[%emt 0:00:13] Landskr2-002 reconnected.} Na5 {[%emt
0:01:05]} 10. Be2 { [%emt 0:00:10]} Qb6 {[%emt 0:00:22]} 11. b4 {[%emt 0:00:11]
Landskr2-002 reconnected.} Nac6 {[%emt 0:02:03]} 12. bxc5 {[%emt 0:00:04]} Qb2
{[%emt 0:00:10] Landskr2-002 reconnected.} 13. Nb3 {[%emt 0:00:16] Landskr2-002
reconnected. Landskr2-002 reconnected.} Na5 {[%emt 0:02:13]} 14. Bc1 {[%emt
0:00:08]} Qxa1 {[%emt 0:01:05]} 15. Nxa1 {[%emt 0:00:02]} b6 {[%emt 0:00:03]}
16. Nb3 {[%emt 0:00:07]} Nac6 {[%emt 0:00:06]} 17. Be3 {[%emt 0:00:10]} Bb7 {
[%emt 0:00:06]} 18. Bf3 {[%emt 0:00:17] Landskr2-002 reconnected.} Ng6 { [%emt
0:00:23]} 19. Nd4 {[%emt 0:00:13]} bxc5 {[%emt 0:00:19]} 20. Nxc6 { [%emt
0:00:02] Landskr2-002 reconnected.} Bxc6 {[%emt 0:00:22]} 21. Bxc5 { [%emt
0:00:03]} Rfe8 {[%emt 0:00:01]} 22. e5 {[%emt 0:00:14]} Bxf3 {[%emt 0:00:05]}
23. Rxf3 {[%emt 0:00:02]} a6 {[%emt 0:00:06]} 24. Qxd7 {[%emt 0:00:03]} Rad8
{[%emt 0:00:07]} 25. Qc6 {[%emt 0:00:12] Landskr2-002 reconnected. TimeB} 1-0

[Event "DSJ Weihnachtsturnier U16: Lasker 2020"]
[Site ""]
[Date "2020.12.28"]
[Round "1"]
[White "Kalina, Lena"]
[Black "Schäfer, Konstantin"]
[Result "0-1"]
[Termination "normal"]
[Board "4.3"]
[WhiteElo "1585"]
[BlackElo "1754"]
[WhiteTeam "SC Landskrone"]
[BlackTeam "Schachgemeinschaft Leipzig"]
[PlyCount "154"]
[WhiteFideId "12988014"]
[BlackFideId "16240510"]
[EventRounds "7"]
[EventType "team-swiss"]
[EventDate "2020.12.28"]

1. d4 {[%emt 0:00:03]} Nf6 {[%emt 0:00:02]} 2. c4 {[%emt 0:00:02]} c5 {[%emt
0:00:03]} 3. d5 {[%emt 0:00:04]} b5 {[%emt 0:00:01]} 4. cxb5 {[%emt 0:00:03]}
a6 {[%emt 0:00:01]} 5. b6 {[%emt 0:00:01]} Qxb6 {[%emt 0:00:15]} 6. Nc3 {[%emt
0:00:03]} g6 {[%emt 0:00:03]} 7. e4 {[%emt 0:00:29]} d6 {[%emt 0:00:03]} 8. a4
{ [%emt 0:00:11]} Bg7 {[%emt 0:00:06]} 9. a5 {[%emt 0:00:02]} Qb4 {[%emt
0:02:38] } 10. Ra4 {[%emt 0:00:37]} Qb7 {[%emt 0:00:04]} 11. Be2 {[%emt
0:00:19]} O-O { [%emt 0:00:35]} 12. Nf3 {[%emt 0:00:11]} Bd7 {[%emt 0:00:34]}
13. Ra1 {[%emt 0:00:07]} Bb5 {[%emt 0:00:37]} 14. O-O {[%emt 0:00:53]} Nbd7
{[%emt 0:00:22]} 15. Nd2 {[%emt 0:00:59]} Ne5 {[%emt 0:01:22]} 16. f4 {[%emt
0:00:48]} Nd3 {[%emt 0:00:21]} 17. Nxb5 {[%emt 0:00:28]} Nxc1 {[%emt 0:00:04]}
18. Qxc1 {[%emt 0:00:12]} axb5 {[%emt 0:00:02]} 19. Rf3 {[%emt 0:00:37]} Rfb8
{[%emt 0:01:25]} 20. Rb3 {[%emt 0:00:17]} Qc7 {[%emt 0:00:41]} 21. a6 {[%emt
0:00:25]} c4 {[%emt 0:00:03]} 22. Rba3 {[%emt 0:00:13]} b4 {[%emt 0:00:24]} 23.
Ra4 {[%emt 0:00:07]} c3 {[%emt 0:00:01]} 24. bxc3 {[%emt 0:00:02]} Qxc3 {[%emt
0:00:03]} 25. Qxc3 { [%emt 0:00:44]} bxc3 {[%emt 0:00:00]} 26. Nc4 {[%emt
0:00:23]} c2 {[%emt 0:00:08]} 27. Bd3 {[%emt 0:00:19]} Rb1+ {[%emt 0:00:02]}
28. Rxb1 {[%emt 0:00:02]} cxb1=Q+ {[%emt 0:00:00]} 29. Bxb1 {[%emt 0:00:01]}
Nd7 {[%emt 0:00:03]} 30. a7 {[%emt 0:00:19]} Bd4+ {[%emt 0:00:02]} 31. Kf1
{[%emt 0:00:04]} Rxa7 {[%emt 0:00:00]} 32. Rxa7 {[%emt 0:00:09]} Bxa7 {[%emt
0:00:00]} 33. Bc2 {[%emt 0:00:06] } Kg7 {[%emt 0:00:02]} 34. Ba4 {[%emt
0:00:02]} Nc5 {[%emt 0:00:01]} 35. Bc2 { [%emt 0:00:04]} Nd7 {[%emt 0:00:02]}
36. Ke2 {[%emt 0:00:05]} Kf6 {[%emt 0:00:10]} 37. Kf3 {[%emt 0:00:02]} h5
{[%emt 0:00:03]} 38. g4 {[%emt 0:00:18]} hxg4+ {[%emt 0:00:08]} 39. Kxg4 {[%emt
0:00:01]} Bc5 {[%emt 0:00:10]} 40. Na5 { [%emt 0:00:23]} Nb6 {[%emt 0:00:04]}
41. Nc6 {[%emt 0:00:02]} Nc4 {[%emt 0:00:01]} 42. Bd3 {[%emt 0:00:09]} Nb2
{[%emt 0:00:03]} 43. e5+ {[%emt 0:00:09]} dxe5 {[%emt 0:00:02]} 44. fxe5+
{[%emt 0:00:01]} Kg7 {[%emt 0:00:01]} 45. Be2 { [%emt 0:00:07]} Na4 {[%emt
0:00:02]} 46. Bc4 {[%emt 0:00:19]} Nc3 {[%emt 0:00:02]} 47. Kf4 {[%emt
0:00:04]} Ba3 {[%emt 0:00:07]} 48. Nd4 {[%emt 0:00:06]} Bc5 {[%emt 0:00:03]}
49. Nf3 {[%emt 0:00:02]} f6 {[%emt 0:00:05]} 50. exf6+ { [%emt 0:00:08]} Kxf6
{[%emt 0:00:00]} 51. Ne5 {[%emt 0:00:03]} Bd6 {[%emt 0:00:02]} 52. Bd3 {[%emt
0:00:11]} Bxe5+ {[%emt 0:00:00]} 53. Ke3 {[%emt 0:00:01]} Bxh2 {[%emt 0:00:00]}
54. Kd4 {[%emt 0:00:04]} Be5+ {[%emt 0:00:01]} 55. Ke3 { [%emt 0:00:01]} Nxd5+
{[%emt 0:00:02]} 56. Ke4 {[%emt 0:00:01]} g5 {[%emt 0:00:02]} 57. Kxd5 {[%emt
0:00:02]} g4 {[%emt 0:00:02]} 58. Ke4 {[%emt 0:00:01]} g3 {[%emt 0:00:01]} 59.
Kf3 {[%emt 0:00:02]} Kg5 {[%emt 0:00:02]} 60. Be4 { [%emt 0:00:02]} Bf4 {[%emt
0:00:02]} 61. Kg2 {[%emt 0:00:03]} Kf6 {[%emt 0:00:02]} 62. Kf3 {[%emt
0:00:01]} Ke5 {[%emt 0:00:01]} 63. Bb7 {[%emt 0:00:06]} Kf5 {[%emt 0:00:04]}
64. Be4+ {[%emt 0:00:03]} Kg5 {[%emt 0:00:01]} 65. Kg2 { [%emt 0:00:01]} e5
{[%emt 0:00:01]} 66. Kf3 {[%emt 0:00:01]} Kf6 {[%emt 0:00:00]} 67. Kg2 {[%emt
0:00:01]} Ke6 {[%emt 0:00:00]} 68. Kf3 {[%emt 0:00:01]} Kd6 {[%emt 0:00:00]}
69. Kg2 {[%emt 0:00:01]} Kc5 {[%emt 0:00:00] Landskr2-003 bietet Remis} 70. Kf3
{[%emt 0:00:02]} Kc4 {[%emt 0:00:03]} 71. Kg2 {[%emt 0:00:01]} Kd4 {[%emt
0:00:01]} 72. Bb7 {[%emt 0:00:03]} e4 {[%emt 0:00:01]} 73. Ba6 {[%emt 0:00:05]}
Bc7 {[%emt 0:00:06]} 74. Bf1 {[%emt 0:00:04]} Kc3 { [%emt 0:00:04]} 75. Be2
{[%emt 0:00:03]} Kd2 {[%emt 0:00:01] .} 76. Bf3 { [%emt 0:00:04]} e3 {[%emt
0:00:01]} 77. Kf1 {[%emt 0:00:02] .} Kd3 {[%emt 0:00:07] . Zeit} 0-1

[Event "DSJ Weihnachtsturnier U16: Lasker 2020"]
[Site ""]
[Date "2020.12.28"]
[Round "1"]
[White "Petzke, Julian"]
[Black "Müller, Riyanna"]
[Result "1-0"]
[Termination "normal"]
[Board "4.4"]
[WhiteElo "1514"]
[BlackElo "1364"]
[WhiteTeam "Schachgemeinschaft Leipzig"]
[BlackTeam "SC Landskrone"]
[PlyCount "59"]
[WhiteFideId "16244885"]
[BlackFideId "16287401"]
[EventRounds "7"]
[EventType "team-swiss"]
[EventDate "2020.12.28"]

1. e4 {[%emt 0:00:10]} e5 {[%emt 0:00:02]} 2. Nf3 {[%emt 0:00:02]} Nc6 { [%emt
0:00:02]} 3. Bc4 {[%emt 0:00:03]} Bc5 {[%emt 0:00:03]} 4. c3 {[%emt 0:00:05]}
Nf6 {[%emt 0:00:07]} 5. d3 {[%emt 0:00:02]} d6 {[%emt 0:00:05]} 6. a4 { [%emt
0:00:07]} a5 {[%emt 0:00:23]} 7. O-O {[%emt 0:00:05]} Bg4 {[%emt 0:00:05] } 8.
Be3 {[%emt 0:00:12]} Bxe3 {[%emt 0:00:12]} 9. fxe3 {[%emt 0:00:04]} O-O { [%emt
0:00:04]} 10. Nbd2 {[%emt 0:00:19]} Qd7 {[%emt 0:00:17]} 11. Rf2 { [%emt
0:00:10]} Bh5 {[%emt 0:00:23]} 12. Nf1 {[%emt 0:00:20]} Rfe8 {[%emt 0:00:08]}
13. Ng3 {[%emt 0:00:07]} Bg6 {[%emt 0:00:07]} 14. Qf1 {[%emt 0:00:09]} Rad8
{[%emt 0:00:33]} 15. Nh4 {[%emt 0:00:53]} Kh8 {[%emt 0:00:40]} 16. Nhf5 { [%emt
0:01:13]} Ne7 {[%emt 0:01:04]} 17. Nxg7 {[%emt 0:00:19]} Kxg7 {[%emt 0:00:27]}
18. Rxf6 {[%emt 0:00:08]} d5 {[%emt 0:01:25]} 19. exd5 {[%emt 0:01:50]} Nxd5
{[%emt 0:01:22]} 20. Rf3 {[%emt 0:01:08]} Nb6 {[%emt 0:01:24]} 21. Bb3 { [%emt
0:01:23]} Re7 {[%emt 0:00:11]} 22. d4 {[%emt 0:00:51]} exd4 {[%emt 0:00:22]}
23. exd4 {[%emt 0:00:16]} Rde8 {[%emt 0:00:28]} 24. Nf5+ {[%emt 0:00:30]} Bxf5
{[%emt 0:00:15]} 25. Rxf5 {[%emt 0:00:02]} h6 {[%emt 0:00:11]} 26. Rf3 { [%emt
0:00:09]} Kf8 {[%emt 0:00:09]} 27. Rh3 {[%emt 0:00:06]} Kg7 {[%emt 0:00:11]}
28. Rg3+ {[%emt 0:00:02]} Kh7 {[%emt 0:00:06]} 29. Bc2+ {[%emt 0:00:03]} Kh8
{[%emt 0:00:03]} 30. Qf6# {[%emt 0:00:02]} 1-0

[Event "DSJ Weihnachtsturnier U16: Lasker 2020"]
[Site ""]
[Date "2020.12.28"]
[Round "1"]
[White "Kamp, Adrian"]
[Black "Fischer, Darja"]
[Result "1-0"]
[Termination "normal"]
[Board "5.1"]
[WhiteElo "1982"]
[BlackElo "1559"]
[WhiteTeam "Schachklub Münster 32"]
[BlackTeam "Karlsruher SF 1853 2"]
[PlyCount "93"]
[WhiteFideId "16222466"]
[BlackFideId "16240898"]
[EventRounds "7"]
[EventType "team-swiss"]
[EventDate "2020.12.28"]

1. e4 {[%emt 0:00:04]} c5 {[%emt 0:00:02]} 2. d4 {[%emt 0:00:02]} cxd4 { [%emt
0:00:02]} 3. c3 {[%emt 0:00:01]} dxc3 {[%emt 0:00:01]} 4. Nxc3 {[%emt 0:00:01]}
Nc6 {[%emt 0:00:02]} 5. Nf3 {[%emt 0:00:02]} e6 {[%emt 0:00:01]} 6. Bc4 {[%emt
0:00:03]} Bb4 {[%emt 0:00:02]} 7. O-O {[%emt 0:00:07]} Bxc3 {[%emt 0:00:02]} 8.
bxc3 {[%emt 0:00:02]} Nge7 {[%emt 0:00:01]} 9. Bg5 {[%emt 0:00:12]} O-O {[%emt
0:00:05]} 10. Qe2 {[%emt 0:00:10]} Qc7 {[%emt 0:00:27]} 11. Rfd1 { [%emt
0:00:24]} b6 {[%emt 0:00:15]} 12. Nd4 {[%emt 0:00:30]} a6 {[%emt 0:00:43] } 13.
Rab1 {[%emt 0:00:53]} b5 {[%emt 0:00:15]} 14. Bb3 {[%emt 0:00:12]} Bb7 { [%emt
0:00:07]} 15. a4 {[%emt 0:00:15]} bxa4 {[%emt 0:01:01]} 16. Bxa4 { [%emt
0:00:10]} Nxd4 {[%emt 0:00:09]} 17. cxd4 {[%emt 0:00:15]} Rfe8 {[%emt 0:00:30]}
18. Rdc1 {[%emt 0:00:57]} Nc6 {[%emt 0:00:47]} 19. Qb2 {[%emt 0:00:33]} Rab8
{[%emt 0:00:30]} 20. d5 {[%emt 0:00:15]} exd5 {[%emt 0:00:17]} 21. exd5 { [%emt
0:00:06]} Qe5 {[%emt 0:00:10]} 22. dxc6 {[%emt 0:00:24]} Qxg5 {[%emt 0:01:39]}
23. cxb7 {[%emt 0:00:08]} Qg4 {[%emt 0:00:50]} 24. Qc2 {[%emt 0:00:33]} g6
{[%emt 0:00:55]} 25. h3 {[%emt 0:00:21]} Qf4 {[%emt 0:00:15]} 26. Bxd7 { [%emt
0:00:13]} Red8 {[%emt 0:00:04]} 27. Bg4 {[%emt 0:00:24]} Rd2 {[%emt 0:00:04]}
28. Qc8+ {[%emt 0:00:22]} Rd8 {[%emt 0:00:02]} 29. Qc5 {[%emt 0:00:05]} Rd2
{[%emt 0:00:19]} 30. Bf3 {[%emt 0:00:07]} Rdd8 {[%emt 0:00:09]} 31. Qe3 { [%emt
0:00:09]} Qf6 {[%emt 0:00:10]} 32. Qa7 {[%emt 0:01:04]} Qe5 {[%emt 0:00:29]}
33. Rc2 {[%emt 0:00:25]} Qd4 {[%emt 0:00:32]} 34. Qxd4 {[%emt 0:00:04]} Rxd4
{[%emt 0:00:00]} 35. Rc8+ {[%emt 0:00:02]} Rd8 {[%emt 0:00:00]} 36. Rxd8+
{[%emt 0:00:01]} Rxd8 {[%emt 0:00:02]} 37. b8=Q {[%emt 0:00:01]} Rxb8 {[%emt
0:00:01]} 38. Rxb8+ {[%emt 0:00:01]} Kg7 {[%emt 0:00:01]} 39. Ra8 {[%emt
0:00:01] } a5 {[%emt 0:00:01]} 40. Rxa5 {[%emt 0:00:01]} f5 {[%emt 0:00:02]}
41. Bd5 { [%emt 0:00:02]} Kf6 {[%emt 0:00:01]} 42. f4 {[%emt 0:00:01]} Kg7
{[%emt 0:00:03]} 43. Kf2 {[%emt 0:00:01]} Kh6 {[%emt 0:00:01]} 44. Ke3 {[%emt
0:00:02]} Kh5 {[%emt 0:00:01]} 45. g3 {[%emt 0:00:01]} h6 {[%emt 0:00:02]} 46.
Kf3 {[%emt 0:00:05]} g5 {[%emt 0:00:02]} 47. Bf7# {[%emt 0:00:02] Mate} 1-0